000 00679nam a2200253Ia 4500
003 OSt
005 20221007111704.0
006 a|||||r|||| 00| 0
007 ta
008 221006b |||||||| |||| 00| 0 eng d
020 _a9780262600675
024 _a24,100
037 _cTextual
040 _aLCO
_cLCO
_beng
041 _2eng
_aeng
082 _aV1:5, P6
100 _aJorgensen Rikke Frank Ed.
_9557121
245 0 _aHuman Rights in the Global Information Society
260 _aLondon
_bThe Mit Press U.K.
_c2006
300 _a324
650 _aHUMAN RIGHTS
942 _hV1:5, P6
_cTEXL
999 _c1193663
_d1193663